Music Quiz

Random Music or Song Quiz

Name the Singer - Motown Edition! Quiz Stats

 Plays Quiz not verified by Sporcle

Challenge
Share
Tweet
Embed
Score 0/18 Timer 08:00
0 Plays Today
Song Title Singer(s) % Correct
BenMichael Jackson
89.5%
Get ReadyThe Temptations
87.9%
Love ChildDiana Ross and the Supremes
85.9%
I Can't Help Myself (Sugar Pie, Honey Bunch)The Four Tops
82.9%
Cruisin'Smokey Robinson
69.8%
My GuyMary Wells
67.1%
I Was Made to Love HerStevie Wonder
65.5%
Inner City Blues (Make Me Wanna Holler)Marvin Gaye
65.5%
Heat WaveMartha and the Vandellas
59.3%
Song Title Singer(s) % Correct
Baby I Need Your LovingThe Supremes
58.6%
What Becomes of the BrokenheartedJimmy Ruffin
57.1%
Never Can Say GoodbyeJackson 5
56.8%
You've Really Got a Hold on MeThe Miracles
51.1%
NightshiftThe Commodores
50%
Please Mr. PostmanThe Marvelettes
48.9%
MotownphillyBoyz II Men
48.9%
If I Were Your WomanGladys Knight and the Pips
45%
Don't Leave Me This WayThelma Houston
35.2%

You're not logged in!

Compare scores with friends on all Sporcle quizzes.
OR
Log In

You Might Also Like...

Show Comments

Extras

Top Quizzes Today


Score Distribution

Your Account Isn't Verified!

In order to create a playlist on Sporcle, you need to verify the email address you used during registration. Go to your Sporcle Settings to finish the process.

Report this User

Report this user for behavior that violates our Community Guidelines.

Details: